Statistics for 13 Tracklist (Blur)

Click here to take the quiz!

General Stats

  • This quiz has been taken 4 times
  • The average score is 10 of 13

Answer Stats

HintAnswer% Correct
6B.L.U.R.E.M.I.
100%
3Coffee & TV
100%
12No Distance Left to Run
100%
1Tender
100%
11Trimm Trabb
100%
2Bugman
75%
10Caramel
75%
13Optigan I
75%
4Swamp Song
75%
51992
50%
7Battle
50%
8Mellow Song
50%
9Trailerpark
50%

Score Distribution

Percentile by Number Answered

Percent of People with Each Score

Your Score History

You have not taken this quiz